| 000 | 00773nam a22002177a 4500 | ||
|---|---|---|---|
| 999 |
_c15324 _d15324 |
||
| 003 | AR-CdUCM | ||
| 008 | 190426b ||||| |||| 00| 0 spa d | ||
| 020 | _a978-607-618-302-1 | ||
| 040 |
_aMUNICIPALIDAD PROVINCIAL DEL CUSCO _cBIBLIOTECA MUNICIPAL DEL CUSCO |
||
| 082 |
_aPI / 376.1 / _bI45 |
||
| 245 | _aMi cofrecito de los descubrimientos / | ||
| 260 |
_aHong Kong : _bSilver Dolphin, _c2014. |
||
| 300 |
_bIlustraciones, _c32 cm. |
||
| 500 | _aNo cuenta con numeración de paginas | ||
| 505 | _aContenido: v.1: Mis emociones -- v.2: Mi familia -- v.3: El clima y yo -- v.4: ¿Dónde me encuentro?. | ||
| 650 |
_aPirmera infancia _934370 |
||
| 650 |
_aLiteratura infantil _9588 |
||
| 650 |
_aAnimalitos _934371 |
||
| 942 |
_2ddc _cLIBROS |
||
| 945 |
_adavv _d26/04/2019 |
||